| 000 | 00583nam a22002057a 4500 | ||
|---|---|---|---|
| 005 | 20140314090948.0 | ||
| 008 | 050321s2005 nyua e 001 0 eng d | ||
| 020 | _a0071441417 | ||
| 080 | _a612.38 | ||
| 100 | 1 | _aPredko, Michael. | |
| 245 | 1 | 0 |
_aDigital electronics demystified / _cMyke Predko. |
| 250 | _a1 st.ed.; | ||
| 260 |
_aNew York : _bMcGraw-Hill, _c2005. |
||
| 300 |
_a370 f. : _bme il.; _c23 cm. |
||
| 500 | _aPƫrfshin indeksin f.361-370 | ||
| 650 | 0 | _aElektronika, | |
| 650 | 0 | _aElektronika Dixhitale, | |
| 830 | 0 | _aMcGraw-Hill "Demystified" series. | |
| 942 |
_2udc _cBK |
||
| 999 |
_c428 _d428 |
||